000 00934cam a2200217 4500
001 WB3832-05
008 020905n2002 000 0 eng u
035 _a(Sirsi) u119581
245 _aBetter ways to manage risk
260 _c2002
490 _aContract Journal
_v415(6393) 4 September 2002, 6(1)
520 _aThe Office of Government Commerce (OGC) warns that better risk management is needed in public sector procurement to ensure government projects are delivered on time and within budget. OGC to help, has issued a CD-Rom "Management of risk: guidance for practitioners", that sets out a framework for decision-making at strategic, programme, project and operational level. OGC website http://www.ogc.gov.uk
590 _aWB
650 _aRISK MANAGEMENT
650 _aGUIDANCE
650 _aPUBLIC SECTOR PROCUREMENT
650 _aPROJECTS
650 _aGOVERNMENT
690 _aBUILT ENVIRONMENT
942 _n0
999 _c71099
_d71099